"Мантиса" Джона Фаулза як постмодерний проект метароману (Запис № 284184)
[ простий вигляд ]
| 000 -LEADER | |
|---|---|
| fixed length control field | 01426nam a22001577a 4500 |
| 041 ## - LANGUAGE CODE | |
| Language code of text/sound track or separate title | ukr |
| 080 ## - UNIVERSAL DECIMAL CLASSIFICATION NUMBER | |
| Universal Decimal Classification number | 09 |
| 090 ## - LOCALLY ASSIGNED LC-TYPE CALL NUMBER (OCLC); LOCAL CALL NUMBER (OCLC) | |
| Local cutter number (OCLC) ; Book number/undivided call number, CALL (RLIN) | САВ |
| 100 ## - MAIN ENTRY--PERSONAL NAME | |
| Personal name | Савицький Д.Ю. |
| 245 ## - TITLE STATEMENT | |
| Title | "Мантиса" Джона Фаулза як постмодерний проект метароману |
| 260 ## - PUBLICATION, DISTRIBUTION, ETC. (IMPRINT) | |
| Place of publication, distribution, etc | Острог |
| Name of publisher, distributor, etc | КАФ |
| Date of publication, distribution, etc | 2009 |
| 300 ## - PHYSICAL DESCRIPTION | |
| Extent | 69 |
| 520 ## - SUMMARY, ETC. | |
| Summary, etc | ВСТУП<br/>РОЗДІЛ 1 ІСТОРІЯ ПОСТМОДЕРНІЗМУ<br/>1.1 Початок і еволюція постмодернізму.<br/>1.2 Постмодернізм як концепція "духу часу" 20 ст.<br/>1.3 Постмодерний образ сучасності.<br/>1.4 Проблема термінології постмодернізму.<br/>1.5 Постмодерна свідомість культури.<br/>РОЗДІЛ 2 ТЕОРІЯ ПОСТМОДЕРНІЗМУ<br/>2.1 Соціальна теорія постмодернізму.<br/>2.2 Методологічний фундамент постмодернізму.<br/>2.3 Поетика постмодерністського роману.<br/>РОЗДІЛ 3 АНАЛІЗ ТВОРУ ДЖОНА ФАУЛЗА "МАНТИСА"<br/>3.1 Генезис роману як жанру.<br/>3.2 Метароман як літературне явище.<br/>3.3 Сюжет і фабула "Мантиси" Джона Фаулза.<br/>ВИСНОВКИ |
| -- | постмодернізм, |
| 650 ## - SUBJECT ADDED ENTRY--TOPICAL TERM | |
| Topical term or geographic name as entry element | Research Papers |
| 942 ## - ADDED ENTRY ELEMENTS (KOHA) | |
| Koha item type | Книги |
| Withdrawn status | Lost status | Source of classification or shelving scheme | Damaged status | Not for loan | Home library | Current library | Date acquired | Source of acquisition | Cost, normal purchase price | Total Checkouts | Full call number | Barcode | Date last seen | Price effective from | Koha item type |
|---|---|---|---|---|---|---|---|---|---|---|---|---|---|---|---|
| Universal Decimal Classification | ВІЛ - Відділ іноземн. літератури НБ | ВІЛ - Відділ іноземн. літератури НБ | 16/04/2009 | Акт №1 | 1.00 | 09 | 213462 | 15/12/2021 | 16/04/2009 | Книги |